Logo Biblioteca

Muerte en el otro cuarto / (Registro nro. 39)

Detalles MARC
000 -LEADER
fixed length control field 01232nam a22002177a 4500
003 - CONTROL NUMBER IDENTIFIER
control field OSt
005 - DATE AND TIME OF LATEST TRANSACTION
control field 20230712112610.0
008 - FIXED-LENGTH DATA ELEMENTS--GENERAL INFORMATION
fixed length control field 230705s2015 spa||||| |||| 00| 1 spa d
020 ## - INTERNATIONAL STANDARD BOOK NUMBER
International Standard Book Number 9789500437264
040 ## - CATALOGING SOURCE
Language of cataloging spa
Transcribing agency besoc
100 1# - MAIN ENTRY--PERSONAL NAME
Personal name Gilbert, Anthony
Dates associated with a name (1899-1973)
Relator term autor
245 10 - TITLE STATEMENT
Title Muerte en el otro cuarto /
Statement of responsibility, etc. Anthony Gilbert ; traducción de Guillermo Whitelow
250 ## - EDITION STATEMENT
Edition statement 1a ed.
260 ## - PUBLICATION, DISTRIBUTION, ETC.
Place of publication, distribution, etc. Buenos Aires :
Name of publisher, distributor, etc. Emecé,
Date of publication, distribution, etc. 2015
300 ## - PHYSICAL DESCRIPTION
Extent 295 p.
490 ## - SERIES STATEMENT
Series statement El séptimo círculo / colección creada por Jorge Luis Borges y Adolfo Bioy Casares
520 ## - SUMMARY, ETC.
Summary, etc. A su regreso de la India, el coronel Anstruther edificó la casa en un solitario lugar de Inglaterra, en el flanco de una colina y cerca de un molino de viento. Ahí vivió con su hija, la tranquila y bella Rose Anstruther. El coronel tenía la agradable costumbre de leer novelas policiales. No sólo las leía: escribía minuciosas cartas a los autores, señalando equivocaciones y desfallecimientos. Solía repetir que su casa era un sitio ideal para un crimen. No pudo prever, sin embargo, lo que después aconteció [Nota del editor].
650 #4 - SUBJECT ADDED ENTRY--TOPICAL TERM
Topical term or geographic name entry element Literatura inglesa
Form subdivision Novelas
Chronological subdivision Siglo XX
700 1# - ADDED ENTRY--PERSONAL NAME
Personal name Whitelow, Guillermo
Relator term traductor
942 ## - ADDED ENTRY ELEMENTS (KOHA)
Source of classification or shelving scheme Universal Decimal Classification
Koha item type Obra General
Suppress in OPAC No
Existencias
Withdrawn status Lost status Source of classification or shelving scheme Damaged status Not for loan Collection Home library Current library Date acquired Total checkouts Full call number Barcode Date last seen Price effective from Koha item type
    Universal Decimal Classification     Colección General Biblioteca Escuela de Ciencias Sociales Biblioteca Escuela de Ciencias Sociales 12/07/2023   82-312.4(410) G464 000663 12/07/2023 12/07/2023 Obra General
Biblioteca de la Escuela Preuniversitaria en Ciencias Sociales y Humanísticas.
Riobamba 250 bis.
CP 2000 - Rosario - Santa Fe
E-Mail: biblioteca@esociales.unr.edu.ar